<?xml version="1.0" encoding="UTF-8"?>
<resp>
  <nextPage>https://data.bn.org.pl/api/networks/bibs.marcxml?marc=001+b0000005486080&amp;sinceId=5486081</nextPage>
  <collection>
    <record xmlns='http://www.loc.gov/MARC21/slim'><leader>02472nam a2200649 i 4500</leader><controlfield tag='001'>b0000005486080</controlfield><controlfield tag='005'>20241203215104.5</controlfield><controlfield tag='008'>170322s1799    pl           |000 0 pol  </controlfield><controlfield tag='009'>9910491460805606</controlfield><datafield ind1=' ' ind2=' ' tag='026'><subfield code='a'>9.ia ieie</subfield><subfield code='b'>n.a- wiZD  (3)</subfield><subfield code='c'>1799 (R)</subfield><subfield code='5'>WA N</subfield></datafield><datafield ind1=' ' ind2=' ' tag='035'><subfield code='a'>991005907589705066</subfield></datafield><datafield ind1=' ' ind2=' ' tag='035'><subfield code='a'>(PL-WaBN)b54860805-48omnis_nlop</subfield></datafield><datafield ind1=' ' ind2=' ' tag='035'><subfield code='a'>b54860805</subfield></datafield><datafield ind1=' ' ind2=' ' tag='035'><subfield code='a'>(OCoLC)946447890</subfield></datafield><datafield ind1=' ' ind2=' ' tag='035'><subfield code='a'>(PL)b0000005486080</subfield></datafield><datafield ind1=' ' ind2=' ' tag='040'><subfield code='a'>WA N</subfield><subfield code='c'>WA N</subfield><subfield code='d'>WA N</subfield></datafield><datafield ind1='1' ind2=' ' tag='041'><subfield code='a'>pol</subfield><subfield code='a'>lat</subfield><subfield code='h'>lat</subfield></datafield><datafield ind1=' ' ind2=' ' tag='046'><subfield code='k'>1799</subfield></datafield><datafield ind1='0' ind2='0' tag='245'><subfield code='a'>Hymny Brewiarza Rzymskiego dla użytku powszechnego /</subfield><subfield code='c'>przez WJX. Wacława Hrabię Sierakowskiego proboszcza katedralnego krakowskiego zebrane i na polskie przełozone nakładem tegoż.</subfield></datafield><datafield ind1='3' ind2='5' tag='246'><subfield code='a'>Hymny kościelne</subfield></datafield><datafield ind1=' ' ind2=' ' tag='260'><subfield code='a'>W Krakowie :</subfield><subfield code='b'>w Drukarni Szkoły Główney,</subfield><subfield code='c'>1799.</subfield></datafield><datafield ind1=' ' ind2=' ' tag='300'><subfield code='a'>[5] kart, 274 strony ;</subfield><subfield code='c'>8°.</subfield></datafield><datafield ind1=' ' ind2=' ' tag='336'><subfield code='a'>Tekst</subfield><subfield code='b'>txt</subfield><subfield code='2'>rdacontent</subfield></datafield><datafield ind1=' ' ind2=' ' tag='337'><subfield code='a'>Bez urządzenia pośredniczącego</subfield><subfield code='b'>n</subfield><subfield code='2'>rdamedia</subfield></datafield><datafield ind1=' ' ind2=' ' tag='338'><subfield code='a'>Wolumin</subfield><subfield code='b'>nc</subfield><subfield code='2'>rdacarrier</subfield></datafield><datafield ind1=' ' ind2=' ' tag='380'><subfield code='a'>Książki</subfield></datafield><datafield ind1=' ' ind2=' ' tag='380'><subfield code='a'>Publikacje religijne</subfield></datafield><datafield ind1=' ' ind2=' ' tag='380'><subfield code='a'>Starodruki</subfield></datafield><datafield ind1='1' ind2=' ' tag='388'><subfield code='a'>1701-1800</subfield></datafield><datafield ind1=' ' ind2=' ' tag='500'><subfield code='a'>Na stronie przedtytułowej: Hymny kościelne.</subfield></datafield><datafield ind1=' ' ind2=' ' tag='500'><subfield code='a'>Na stronie tytułowej data wydania: M.DCC.XCIX.</subfield></datafield><datafield ind1='4' ind2=' ' tag='510'><subfield code='a'>Estr. XV-XVIII,</subfield><subfield code='c'>XXVIII, 63.</subfield></datafield><datafield ind1='4' ind2=' ' tag='510'><subfield code='a'>NKor. 1963,</subfield><subfield code='c'>6.1, 172.</subfield></datafield><datafield ind1=' ' ind2='7' tag='650'><subfield code='a'>Kult</subfield><subfield code='2'>DBN</subfield></datafield><datafield ind1=' ' ind2='7' tag='650'><subfield code='a'>Liturgia katolicka</subfield><subfield code='2'>DBN</subfield></datafield><datafield ind1=' ' ind2='7' tag='655'><subfield code='a'>Hymn</subfield><subfield code='2'>DBN</subfield></datafield><datafield ind1=' ' ind2=' ' tag='658'><subfield code='a'>Religia i duchowość</subfield></datafield><datafield ind1='1' ind2=' ' tag='700'><subfield code='a'>Sierakowski, Wacław</subfield><subfield code='d'>(1741-1806)</subfield><subfield code='e'>Tłumaczenie</subfield></datafield><datafield ind1='2' ind2=' ' tag='710'><subfield code='a'>Drukarnia Szkoły Głównej Koronnej (Kraków)</subfield><subfield code='e'>Druk</subfield></datafield><datafield ind1=' ' ind2=' ' tag='752'><subfield code='a'>Polska</subfield><subfield code='d'>Kraków.</subfield></datafield><datafield ind1=' ' ind2=' ' tag='852'><subfield code='b'>48OMNIS_NETWORK</subfield><subfield code='8'>9910491460805606</subfield></datafield><datafield ind1=' ' ind2=' ' tag='852'><subfield code='b'>48OMNIS_NLOP</subfield><subfield code='8'>991005907589705066</subfield></datafield><datafield ind1=' ' ind2=' ' tag='852'><subfield code='8'>22545936630005066</subfield><subfield code='j'>1</subfield><subfield code='h'>SD XVIII.1.1505</subfield><subfield code='b'>BN_PL</subfield><subfield code='p'>777i52976531</subfield><subfield code='c'>bstdr</subfield></datafield><datafield ind1=' ' ind2=' ' tag='852'><subfield code='8'>22545936610005066</subfield><subfield code='j'>1</subfield><subfield code='h'>SD W.1.1174</subfield><subfield code='b'>BN_PL</subfield><subfield code='p'>777i53824817</subfield><subfield code='c'>bstdr</subfield></datafield><datafield ind1=' ' ind2=' ' tag='950'><subfield code='u'>https://eu05.alma.exlibrisgroup.com/view/uresolver/48OMNIS_NETWORK/openurl?u.ignore_date_coverage=true&amp;portfolio_pid=53714006830005066&amp;Force_direct=true</subfield><subfield code='z'>Zobacz w Polonie: egzemplarz SD W.1.1174</subfield><subfield code='8'>53714006830005066</subfield></datafield></record>
  </collection>
</resp>
